| 000 | 00757nam a2200217 i 4500 | ||
|---|---|---|---|
| 001 | 187257 | ||
| 003 | SpMaBN | ||
| 005 | 20230906222845.0 | ||
| 008 | 170519s1989 ck |||| | spa d | ||
| 080 | _a821.134.2(861)-14"19" | ||
| 100 | 1 |
_aLleras de la Fuente, Fernando. _9162752 |
|
| 245 | 1 | 3 |
_aEl corazón suspenso / _cFernando Lleras de la Fuente ; prólogo de Jorge Eliécer Ruiz. |
| 260 |
_aBogotá : _bInstituto Caro y Cuervo, _c1989. |
||
| 300 |
_a83 p. ; _c20 cm. |
||
| 490 | 1 |
_aLa granada entreabierta ; _v50 |
|
| 700 | 1 |
_aRuiz, Jorge Eliécer. _9162753 |
|
| 710 | 2 |
_aInstituto Caro y Cuervo. _94806 |
|
| 830 | 0 |
_aLa granada entreabierta ; _v50 _9192760 |
|
| 852 |
_aES-MaACL _jL-31609 _z. - Donat. Viuda Antonio Tovar |
||
| 999 |
_c187257 _d187257 |
||